00532cam a2200157 a 4500020002600000020002200026041000800048082001700056100002200073245004000095260006800135300001800203650003500221856005500256856006300311 a0521433665 (hardback) a0521439779 (pbk.) aENG00a226.306bTEL1 aTelford, William.14aThe theology of the Gospel of Mark  aCambridge, UK ;aNew York :bCambridge University Press,c1999. axvi, 275 p. ; aBible. Mark TheologyaTheology41uhttp://www.loc.gov/catdir/toc/cam024/98035098.html42uhttp://www.loc.gov/catdir/description/cam029/98035098.html